Wycena wartosci firmy metoda niemiecka i szwajcarska.

Podstata príjmového prístupu k oceňovaniu hodnoty firmy. Miešané metódy - metóda oceňovania hodnoty firmy a príjmová metóda oceňovania podniku ako celku. Charakteristika nemeckej metódy. Švajčiarska metóda. Príklad použitia nemeckej a švajčiarskej metódy pre oceňovanie hodnoty poľského podniku.

Salvato in:
Dettagli Bibliografici
Autore principale: Borowiecki, R.
Altri autori: Jaki, Andrzej
Natura: Capitolo di libro
Lingua:polacco
Soggetti:
Tags: Aggiungi Tag
Nessun Tag, puoi essere il primo ad aggiungerne!!

MARC

LEADER 00000naa a2200000 4500
001 r008156
005 20221125122653.2
041 0 |a pol 
044 |a PL 
245 1 0 |a Wycena wartosci firmy metoda niemiecka i szwajcarska.  |c R. Borowiecki, A. Jaki 
520 |a Podstata príjmového prístupu k oceňovaniu hodnoty firmy. Miešané metódy - metóda oceňovania hodnoty firmy a príjmová metóda oceňovania podniku ako celku. Charakteristika nemeckej metódy. Švajčiarska metóda. Príklad použitia nemeckej a švajčiarskej metódy pre oceňovanie hodnoty poľského podniku. 
610 2 0 |a oceňovanie ekonomické 
610 2 0 |a firmy 
610 2 0 |a podnik 
610 2 0 |a PR 
610 2 0 |a metodika 
610 2 0 |a hodnota 
100 1 |a Borowiecki, R. 
700 1 |a Jaki, Andrzej